Datum a čas kvízu
17
Celkem bodů
Celkový počet nahraných bodů na tomto kvízu bez doplňovacích otázek.
10.
Pořadí na kvízu
Konečné umístění týmu na tomto kvízu.
Zaznamenané odpovědi
| # | Otázka | Odpověď | Body | Výsledky |
|---|---|---|---|---|
| 1. | Dita Protopopová, jejíž jméno... | 0 | ||
| 2. | Jihokorejec Kim Čong-jang byl... | 0 | ||
| 3. | Tři ženy v galerii mezinárodní... | 1 | ||
| 4. | Řada čínských e-shopů stáhla z... | 0 | ||
| 5. | Jak se nazývá země, jejíž repr... | 0 | ||
| 6. | Nedávno jsme zde probírali tém... | 0 | ||
| 5. | Ze školních lavic víme, že ját... | 0 | ||
| 5. | Tato šedě růžová laločnatá žlá... | 1 | ||
| 5. | Jak se česky nazývá céva, ozna... | 1 | ||
| 5. | Která z těchto částí trávicí s... | 0 |